<?xml version="1.0" encoding="UTF-8"?>
<record
    xmlns:xsi="http://www.w3.org/2001/XMLSchema-instance"
    xsi:schemaLocation="http://www.loc.gov/MARC21/slim http://www.loc.gov/standards/marcxml/schema/MARC21slim.xsd"
    xmlns="http://www.loc.gov/MARC21/slim">

  <leader>01789nam a2200277 a 4500</leader>
  <controlfield tag="001">000038289</controlfield>
  <controlfield tag="003">000038289</controlfield>
  <controlfield tag="005">20220112101945.0</controlfield>
  <controlfield tag="008">110331s2001    dr            000 0 spa d</controlfield>
  <datafield tag="040" ind1=" " ind2=" ">
    <subfield code="a">BPMSU</subfield>
    <subfield code="b">spa</subfield>
    <subfield code="c">BPMSU</subfield>
  </datafield>
  <datafield tag="082" ind1=" " ind2=" ">
    <subfield code="a">923.9</subfield>
    <subfield code="b">B171C 2001</subfield>
    <subfield code="2">22</subfield>
  </datafield>
  <datafield tag="100" ind1="1" ind2=" ">
    <subfield code="a">Balaguer, Joaqu&#xED;n</subfield>
    <subfield code="d">1906-2002</subfield>
    <subfield code="9">2</subfield>
  </datafield>
  <datafield tag="245" ind1="1" ind2="0">
    <subfield code="a">Col&#xF3;n, precursor literario /</subfield>
    <subfield code="c">Joaqu&#xED;n Balaguer.</subfield>
  </datafield>
  <datafield tag="250" ind1=" " ind2=" ">
    <subfield code="a">5a. ed.</subfield>
  </datafield>
  <datafield tag="260" ind1=" " ind2=" ">
    <subfield code="a">Santo Domingo :</subfield>
    <subfield code="b">Corripio ,</subfield>
    <subfield code="c">2001.</subfield>
  </datafield>
  <datafield tag="300" ind1=" " ind2=" ">
    <subfield code="a">150 p. :</subfield>
    <subfield code="c">22 cm.</subfield>
  </datafield>
  <datafield tag="500" ind1=" " ind2=" ">
    <subfield code="a">Incluye referencias bibliogr&#xE1;ficas y notas al pie de las p&#xE1;ginas</subfield>
  </datafield>
  <datafield tag="500" ind1=" " ind2=" ">
    <subfield code="a">Incluye datos biogr&#xE1;ficos del autor en la solapa de la cubierta </subfield>
  </datafield>
  <datafield tag="505" ind1=" " ind2=" ">
    <subfield code="a"> Crist&#xF3;bal Col&#xF3;n --  Col&#xF3;n, escritor --  Col&#xF3;n, pintor --  El sentimiento de la naturaleza -- Col&#xF3;n, precursor literario --  La fidelidad del colorido -- Puntos de contactos entre los cuadros tropicales de Col&#xF3;n y los de V&#xED;ctor Hugo --  El sentimiento de la naturaliza en Col&#xF3;n y en los historiadores de Indias. Col&#xF3;n y Fray Bartolom&#xE9; de Las Casas --  Col&#xF3;n y Gonzalo Fern&#xE1;ndez de Oviedo --  Col&#xF3;n y Am&#xE9;rico Vespucio --  Col&#xF3;n y los poetas de la Conquista --  Valor art&#xED;stico del Diario y de las cartas del Almirante --  Los dominicos en La Espa&#xF1;ola .Fray Tom&#xE1;s de la Torre --  Fray Pedro de C&#xF3;rdoba --  El padre C&#xF3;rdoba y fray Bartolom&#xE9; de Las Casas -- La &#x201C;Doctrina Cristiana&#x201D; --  Fray Ant&#xF3;n de Montesino --  Montesino y Las Casas --  Fray Domingo de Betanzos --  Pedro Ord&#xF3;&#xF1;ez de Ceballos.</subfield>
  </datafield>
  <datafield tag="590" ind1=" " ind2=" ">
    <subfield code="6">Inventariado, 2022/VM</subfield>
  </datafield>
  <datafield tag="600" ind1="1" ind2="4">
    <subfield code="a">Col&#xF3;n, Crist&#xF3;bal, 1451? </subfield>
    <subfield code="d">1436?-1506 </subfield>
    <subfield code="x">Cr&#xED;tica e interpretaci&#xF3;n </subfield>
  </datafield>
  <datafield tag="650" ind1=" " ind2="4">
    <subfield code="a">Literatura Dominicana </subfield>
    <subfield code="x"> Historia y cr&#xED;tica </subfield>
  </datafield>
  <datafield tag="651" ind1=" " ind2="4">
    <subfield code="a">Rep&#xFA;blica Dominicana</subfield>
    <subfield code="x">Descubrimiento y conquista</subfield>
    <subfield code="y">1492-1511 </subfield>
  </datafield>
  <datafield tag="910" ind1=" " ind2=" ">
    <subfield code="a">VMateo V. </subfield>
  </datafield>
  <datafield tag="942" ind1=" " ind2=" ">
    <subfield code="2">ddc</subfield>
    <subfield code="c">BK</subfield>
  </datafield>
  <datafield tag="952" ind1=" " ind2=" ">
    <subfield code="0">0</subfield>
    <subfield code="1">0</subfield>
    <subfield code="2">ddc</subfield>
    <subfield code="4">0</subfield>
    <subfield code="7">0</subfield>
    <subfield code="8">CD</subfield>
    <subfield code="a">BPMET</subfield>
    <subfield code="b">BPMET</subfield>
    <subfield code="d">2014-07-14</subfield>
    <subfield code="l">0</subfield>
    <subfield code="o">BPMSU CD 923.9 B171C 2001</subfield>
    <subfield code="p">BPMSU15040557</subfield>
    <subfield code="r">2014-07-14</subfield>
    <subfield code="t"> </subfield>
    <subfield code="w">2014-07-14</subfield>
    <subfield code="y">BK</subfield>
  </datafield>
  <datafield tag="952" ind1=" " ind2=" ">
    <subfield code="0">0</subfield>
    <subfield code="1">0</subfield>
    <subfield code="2">ddc</subfield>
    <subfield code="4">0</subfield>
    <subfield code="7">0</subfield>
    <subfield code="8">CD</subfield>
    <subfield code="a">BPMET</subfield>
    <subfield code="b">BPMET</subfield>
    <subfield code="d">2014-07-14</subfield>
    <subfield code="l">0</subfield>
    <subfield code="o">BPMSU CD 923.9 B171C 2001</subfield>
    <subfield code="p">BPMSU15040558</subfield>
    <subfield code="r">2014-07-14</subfield>
    <subfield code="t">e.2</subfield>
    <subfield code="w">2014-07-14</subfield>
    <subfield code="y">BK</subfield>
  </datafield>
  <datafield tag="952" ind1=" " ind2=" ">
    <subfield code="0">0</subfield>
    <subfield code="1">0</subfield>
    <subfield code="2">ddc</subfield>
    <subfield code="4">0</subfield>
    <subfield code="7">0</subfield>
    <subfield code="8">CD</subfield>
    <subfield code="a">BPMET</subfield>
    <subfield code="b">BPMET</subfield>
    <subfield code="d">2014-07-14</subfield>
    <subfield code="l">0</subfield>
    <subfield code="o">BPMSU CD 923.9 B171C 2001</subfield>
    <subfield code="p">BPMSU25120005</subfield>
    <subfield code="r">2025-12-01</subfield>
    <subfield code="t">e.3</subfield>
    <subfield code="w">2014-07-14</subfield>
    <subfield code="y">BK</subfield>
  </datafield>
  <datafield tag="999" ind1=" " ind2=" ">
    <subfield code="c">7144</subfield>
    <subfield code="d">7144</subfield>
  </datafield>
</record>
